| 000 | 00739nam a2200193 a 4500 | ||
|---|---|---|---|
| 008 | 071019s1997 ||||||||||||||||| || u | ||
| 020 | _a082133946X | ||
| 050 | _aIBRD(06)LACS/1997/2 | ||
| 100 | _aWebb, Steven Benjamin, 1947- | ||
| 245 | 1 | 0 | _aProspects and challenges of the Caribbean |
| 260 |
_aWashington, D. C.: _bWorld Bank _c1997 |
||
| 300 | _av, 32p.: ill. | ||
| 350 | _a0.00 | ||
| 490 | _aWorld Bank Latin American and Caribbean studies | ||
| 650 | _aCARIBBEAN AREA--ECONOMIC POLICY | ||
| 650 | _aCARIBBEAN AREA--ECONOMIC CONDITIONS | ||
| 710 | _aWorld Bank | ||
| 995 |
_D0.00 _FCBU-MAIN LIBRARY (Kitwe) _H1 _I0.00 _M1 _UAVAILABLE _WOct 19, 2007 _ZInternational Publications |
||
| 999 |
_c55160 _d55160 |
||